000 00853cam a2200157 4500500
005 20260405002242.0
041 _afre
042 _adc
100 1 0 _aGibert, Pierre
_eauthor
245 0 0 _aWilliam G. Dever, Aux origines d’Israël . Quand la Bible dit vrai. Traduit de l’anglais (Etats-Unis) par Patrice Ghirardi. Bayard, 2005, 288 pages, 24 €
260 _c2005.
500 _a21
520 _aRésuméJules Verne distingue deux sources aux obstacles, aux réussites, aux échecs et aux succès de l’aventure : les éléments naturels, leur connaissance et leur maîtrise, et les conflits humains qui vont apparaître comme la source la plus réelle de perdition.
786 0 _nÉtudes | 403 | 7 | 2005-07-01 | p. XXIX-XXIX | 0014-1941
856 4 1 _uhttps://shs.cairn.info/revue-etudes-2005-7-page-XXIX?lang=fr&redirect-ssocas=7080
999 _c2055885
_d2055885